• 首页
  • 本馆介绍
  • 公告通知
  • 最新文献
  • 馆藏检索
  • 电子资源
  • 读者导购
  • 参考咨询
  • 我的图书馆
  • 登录
  • 详细信息显示
  • 放入我的书架
  • 预约/预借图书
  • 作者相关作品
  • 分类相关作品
  • 丛书相关作品
  • 出版社相关作品

书目信息

  • 表格格式
  • 工作单格式
  • 卡片格式
题名:
世界军事年鉴
    
 
作者: 李文瑞 主编
分册: 1985  
出版信息: 北京   解放军出版社  1986
页数: 534页
开本: 26cm
丛书名:
单 册:
中图分类: E1-54
科图分类:
主题词: 军事--世界--年鉴
电子资源:
ISBN:
000 00632nam0 2200229 45
001 0186002271
005 20050428145629.8
010    @dCNY12.00
091    @a5185.119
100    @a19900724d1986 emky0chiy0121 ea
101 0  @achi
102    @aCN@b110000
105    @af zg 000yy
200 10 @a世界军事年鉴@Ashi jie jun shi nian jian@h1985@f李文瑞主编@FLi Wen Rui Zhu Bian
210    @a北京@c解放军出版社@d1986
215    @a534页@c彩照@d26cm
606    @a军事@y世界@x年鉴
690    @aE1-54@v3
701  0 @a李文瑞@4主编
801  0 @aCN@b深圳图书馆@c20050427
801  2 @aCN@bNLC@c20050427
905    @f1@b203223@dE1-54@e8(1985)
    
    世界军事年鉴.1985/李文瑞主编.-北京:解放军出版社,1986
    534页:彩照;26cm
    
    
    ISBN :CNY12.00
    
●
相关链接 在E读中查询图书 在五车中查询图书 在当当中查询图书 在豆瓣中查询图书


正题名:世界军事年鉴     索取号:E1-54/8(1985)         预约/预借

序号 登录号 条形码 馆藏地/架位号 状态 备注
1 0203223   001581032   工具书阅览室/ [索取号:E1-54/8(1985)] 在馆    
2 0203224   001581041   第一样本阅览室/ [索取号:E1-54/8(1985)] 在馆    
唐山师范学院图书馆 欢迎您!
大连网信软件有限公司© 版权所有